| 000 | 00390nam a2200145 a 4500 | ||
|---|---|---|---|
| 005 | 20140412111419.0 | ||
| 008 | 070906s19uu xx 00 eng d | ||
| 020 | _a971-508-215-7 | ||
| 050 |
_aBB _bTi551 2003 |
||
| 100 | _aVillanueva, Rene | ||
| 245 |
_aTiktaktok at pikpakbum / _cRene Villanueva. |
||
| 260 |
_aPhilippines : _bAdarna House, _c2003. |
||
| 999 |
_c105972 _d105972 |
||